Normal view
MARC view
- Chismar, John P
Entry Personal Name
001 - CONTROL NUMBER
- control field: 101601
003 - CONTROL NUMBER IDENTIFIER
- control field: NUST
005 - DATE AND TIME OF LATEST TRANSACTION
- control field: 20221028102347.0
008 - FIXED-LENGTH DATA ELEMENTS
- fixed length control field: 221028|| aca||aabn | a|a d
040 ## - CATALOGING SOURCE
- Original cataloging agency: NUST
- Transcribing agency: NUST
100 ## - HEADING--PERSONAL NAME
- Personal name: Chismar, John P
670 ## - SOURCE DATA FOUND
- Source citation: Work cat.: (NUST)179723: Chismar, John P., 3ds Max 4 media animation / , c2001.
